Roads, Railways, Bridges, Tunnels and Harbour- Dock Engineering / (Record no. 6783)
[ view plain ]
| 000 -LEADER | |
|---|---|
| fixed length control field | 01030nac a22002291u 4500 |
| 008 - FIXED-LENGTH DATA ELEMENTS--GENERAL INFORMATION | |
| fixed length control field | 100913t xxu||||| |||| 00| 0 eng d |
| 020 ## - INTERNATIONAL STANDARD BOOK NUMBER | |
| International Standard Book Number | 8180140091 |
| 082 ## - DEWEY DECIMAL CLASSIFICATION NUMBER | |
| Classification number | 625.7 |
| Item number | GUP |
| 100 ## - MAIN ENTRY--PERSONAL NAME | |
| Personal name | Gupta ,B.L. |
| 9 (RLIN) | 18839 |
| 245 ## - TITLE STATEMENT | |
| Title | Roads, Railways, Bridges, Tunnels and Harbour- Dock Engineering / |
| Statement of responsibility, etc | B.L.Gupta and Amit Gupta. |
| 260 ## - PUBLICATION, DISTRIBUTION, ETC. (IMPRINT) | |
| Place of publication, distribution, etc | Delhi: |
| Name of publisher, distributor, etc | Standar Publishers , 2005 |
| Date of publication, distribution, etc | 2005 |
| 300 ## - PHYSICAL DESCRIPTION | |
| Extent | 1 v. (various pagings) : |
| Other physical details | ill. ; |
| Dimensions | 29cm. |
| 650 ## - SUBJECT ADDED ENTRY--TOPICAL TERM | |
| Topical term or geographic name as entry element | Roads -- Engineering. |
| 9 (RLIN) | 18840 |
| 650 ## - SUBJECT ADDED ENTRY--TOPICAL TERM | |
| Topical term or geographic name as entry element | Railways-Engineering. |
| 9 (RLIN) | 18841 |
| 650 ## - SUBJECT ADDED ENTRY--TOPICAL TERM | |
| Topical term or geographic name as entry element | Bridges-Engineering. |
| 9 (RLIN) | 18842 |
| 650 ## - SUBJECT ADDED ENTRY--TOPICAL TERM | |
| Topical term or geographic name as entry element | Tunnels-Engineering |
| 9 (RLIN) | 18843 |
| 650 ## - SUBJECT ADDED ENTRY--TOPICAL TERM | |
| Topical term or geographic name as entry element | Harbour Docks -Engineering. |
| 9 (RLIN) | 18844 |
| 700 ## - ADDED ENTRY--PERSONAL NAME | |
| 9 (RLIN) | 18838 |
| Personal name | Gupta, Amit |
| 942 ## - ADDED ENTRY ELEMENTS (KOHA) | |
| Item type | Book - Borrowing |
| Call number prefix | 625.7 GUP |
| Source of classification or shelving scheme | Dewey Decimal Classification |
| Withdrawn status | Item status | Source of classification or shelving scheme | Damaged status | Not for loan | Vendor | Home library | Current library | Shelving location | Date acquired | Source of acquisition | Total Checkouts | Full call number | Barcode | Date last seen | Date last borrowed | Koha item type | Total Renewals |
|---|---|---|---|---|---|---|---|---|---|---|---|---|---|---|---|---|---|
| Dewey Decimal Classification | Central Library | Central Library | First floor | 13/09/2010 | 2 | 625.7 GUP | 000003556 | 15/07/2025 | 04/01/2015 | Book - Borrowing | |||||||
| Dewey Decimal Classification | Central Library | Central Library | First floor | 01/11/2010 | 2 | 625.7 GUP | 000001385 | 15/07/2025 | 22/10/2017 | Book - Borrowing | 28 |